| 000 | 00000nam##2200000za#4500 |
| 001 | 9.675801 |
| 003 | CaOODSP |
| 005 | 20210624225436 |
| 007 | cr ||||||||||| |
| 008 | 150407|2000||||xxc|||||o f|0| 0 eng|d |
| 040 | |aCaOODSP|beng |
| 041 | |aeng |
| 041 | |afre |
| 043 | |an-cn--- |
| 086 | 1 |aH21-151/2000-PDF |
| 110 | 1 |aCanada.|bHealth Canada. |bOffice of Health and the Information Highway. |
| 245 | 10|aInformation and communications technologies for better health / |h[electronic resource]|c[issued by] Office of Health and the Information Highway, Information, Analysis and Connectivity Branch. |
| 260 | |aOttawa - Ontario : |bHealth Canada. |cFebruary 2000. |
| 300 | |a46p.|bgraphs, maps, photographs |
| 500 | |aThe catalogue number (H21-151/2000) and ISBN (0-662-64684-3) for the bilingual print edition have been incorrectly copied in this electronic publication. |
| 590 | |a12-30-Supp|b2012-06-28 |
| 690 | 07|aHealth|2gcpds |
| 690 | 07|aHealth care|2gcpds |
| 690 | 07|aInformation technology|2gcpds |
| 690 | 07|aMedical technology|2gcpds |
| 792 | |tLes technologies de l'information et des communications au service de la santé / |efre|w(CaOODSP)9.675802 |
| 856 | 40|ahttp://publications.gc.ca|qPDF|s1.90 MB|uhttps://publications.gc.ca/collections/Collection/H21-151-2000.pdf |